[Event "XXXI C.to Italiano seniores"]
[Site "Arvier ITA"]
[Date "2009.04.26"]
[Round "3"]
[White "Di Cicco, Daniela"]
[Black "Recubini, Dante"]
[Result "0-1"]
[WhiteElo "1589"]
[BlackElo "1472"]
[PlyCount "120"]
[EventDate "2009.04.24"]

1. d4 e6 2. Nf3 g6 3. Bf4 Bg7 4. e3 b6 5. Nbd2 Bb7 6. Bd3 Ne7 7. h3 O-O 8. O-O
d6 9. Re1 Nd7 10. c3 Nf6 11. Qc2 Nh5 12. Bh2 Bh8 13. e4 c6 14. e5 dxe5 15. dxe5
Nd5 16. Re4 c5 17. c4 Nb4 18. Qd1 Nxd3 19. Re3 Nb4 20. a3 Nc6 21. Nf1 Qxd1 22.
Rxd1 Rad8 23. Rd6 Ng7 24. Red3 Nf5 25. Rd7 Ba8 26. b3 Rxd7 27. Rxd7 Rd8 28.
Rxd8+ Nxd8 29. N1d2 Nc6 30. Kf1 Nfd4 31. Bf4 Nxf3 32. Nxf3 Nb8 33. Nd2 Nd7 34.
f3 Bg7 35. Kf2 h6 36. h4 h5 37. Nf1 Nxe5 38. Bxe5 Bxe5 39. a4 f5 40. g3 Bd4+
41. Ke2 e5 42. Nd2 e4 43. fxe4 fxe4 44. Nf1 Kf7 45. Kd2 Ke6 46. Ke2 Ke5 47. Nd2
Bc6 48. Nf1 Bd7 49. Kd2 Bh3 50. Ne3 Bxe3+ 51. Kxe3 Bg2 52. Kf2 Bf3 53. Ke1 Kd4
54. Kd2 e3+ 55. Kc2 Be4+ 56. Kd1 Kd3 57. Ke1 Kd4 58. Ke2 Bc2 59. Kf3 Bxb3 60.
Kf4 e2 0-1

[Event "XXXI C.to Italiano seniores"]
[Site "Arvier ITA"]
[Date "2009.04.26"]
[Round "3"]
[White "Fragni, Enrico"]
[Black "Faraci, Antonino"]
[Result "1-0"]
[WhiteElo "1751"]
[BlackElo "2012"]
[PlyCount "63"]
[EventDate "2009.04.24"]

1. c4 Nf6 2. Nc3 d5 3. cxd5 Nxd5 4. Nf3 g6 5. e4 Nxc3 6. bxc3 Bg7 7. d4 O-O 8.
Be2 c5 9. Bb2 Qc7 10. Qd2 b6 11. O-O Rd8 12. Qe3 Ba6 13. Bxa6 Nxa6 14. Qe2 c4
15. a4 Nb8 16. Nd2 Rc8 17. f4 Nd7 18. Ba3 Nf8 19. f5 a6 20. Rab1 b5 21. axb5
axb5 22. Bb4 Ra2 23. Qe3 Re8 24. Ra1 Rxa1 25. Rxa1 e6 26. Qf2 exf5 27. exf5 Bh6
28. Nf1 Qd7 29. Qh4 Be3+ 30. Nxe3 Rxe3 31. Bxf8 Kxf8 32. Qh6+ 1-0

[Event "XXXI C.to Italiano seniores"]
[Site "Arvier ITA"]
[Date "2009.04.26"]
[Round "3"]
[White "Gardi, Giuseppe"]
[Black "Rosino, Antonio"]
[Result "1/2-1/2"]
[WhiteElo "2008"]
[BlackElo "2258"]
[PlyCount "45"]
[EventDate "2009.04.24"]

1. d4 Nf6 2. Nf3 g6 3. Nc3 d5 4. Bf4 Bg7 5. e3 O-O 6. Be2 Nbd7 7. Ne5 c6 8. h4
Qa5 9. Qd2 Nxe5 10. Bxe5 b5 11. Ne4 Qxd2+ 12. Nxd2 Ng4 13. Bxg7 Kxg7 14. Bxg4
Bxg4 15. f3 Bd7 16. h5 f6 17. hxg6 hxg6 18. Nb3 Rh8 19. Kd2 g5 20. Nc5 Bf5 21.
c3 Rab8 22. b4 Rxh1 23. Rxh1 1/2-1/2

[Event "XXXI C.to Italiano seniores"]
[Site "Arvier ITA"]
[Date "2009.04.26"]
[Round "3"]
[White "Incelli, Renato"]
[Black "Moretti, Mario"]
[Result "1-0"]
[WhiteElo "1487"]
[BlackElo "1500"]
[PlyCount "91"]
[EventDate "2009.04.24"]

1. c4 e5 2. Nc3 Nf6 3. d3 Bb4 4. Bd2 Bxc3 5. Bxc3 Nc6 6. Nf3 d6 7. g3 O-O 8.
Bg2 Bg4 9. O-O Bxf3 10. Bxf3 Rb8 11. Bg2 Ne7 12. Qc2 c5 13. e4 h6 14. Bd2 Nh7
15. b4 b6 16. bxc5 bxc5 17. Rab1 Nc6 18. Rxb8 Nxb8 19. Rb1 Nc6 20. Qa4 Qd7 21.
f4 Qc7 22. fxe5 dxe5 23. Qa3 Rb8 24. Rxb8+ Nxb8 25. Be3 Nd7 26. Bh3 Nhf6 27.
Bd2 g5 28. Ba5 Qb7 29. Qb3 Qxb3 30. axb3 g4 31. Bg2 Kg7 32. h3 h5 33. hxg4 hxg4
34. b4 cxb4 35. Bxb4 Nh5 36. Bd6 Nxg3 37. c5 f6 38. c6 Nb6 39. Kf2 Nh5 40. Bf1
Kg6 41. Ke3 Nf4 42. d4 Nc4+ 43. Bxc4 g3 44. c7 g2 45. Kf2 exd4 46. c8=Q 1-0

[Event "XXXI C.to Italiano seniores"]
[Site "Arvier ITA"]
[Date "2009.04.26"]
[Round "3"]
[White "Jeanrenaud, Antonia"]
[Black "Beltrami, Nerio"]
[Result "0-1"]
[WhiteElo "1455"]
[BlackElo "2057"]
[PlyCount "74"]
[EventDate "2009.04.24"]

1. e4 d6 2. d4 Nf6 3. Bd3 e5 4. dxe5 dxe5 5. Nf3 Nc6 6. O-O Bg4 7. Nbd2 Bd6 8.
Be2 O-O 9. b3 Qe7 10. Bb2 Rad8 11. Qc1 h6 12. Nc4 Nxe4 13. Nxd6 cxd6 14. Qe3
Nf6 15. Rfe1 Rfe8 16. h3 Bh5 17. Nd2 Bg6 18. Rac1 d5 19. Nf3 d4 20. Qd2 Ne4 21.
Qd1 Kh8 22. Bc4 a6 23. a4 f5 24. Ra1 Bh5 25. Ba3 Qf6 26. Bd3 Ng5 27. Be2 Bxf3
28. Bxf3 Nxf3+ 29. Qxf3 Qg5 30. Bc1 Qh4 31. Bd2 e4 32. Qd1 Re6 33. Kh2 Rg6 34.
g3 Qe7 35. Qh5 Ne5 36. Bg5 Rxg5 37. Qe2 Nf3+ 0-1

[Event "XXXI C.to Italiano seniores"]
[Site "Arvier ITA"]
[Date "2009.04.26"]
[Round "3"]
[White "Papa, Angelo"]
[Black "Maestri, Roberto"]
[Result "1-0"]
[WhiteElo "1882"]
[BlackElo "1570"]
[PlyCount "45"]
[EventDate "2009.04.24"]

1. d4 Nf6 2. Nf3 g6 3. Nc3 Bg7 4. e4 d6 5. Be3 c6 6. Qd2 b5 7. Bd3 O-O 8. Bh6
Bg4 9. Bxg7 Kxg7 10. Ng5 h6 11. h3 hxg5 12. hxg4 Rh8 13. O-O-O Nxg4 14. f3 Rxh1
15. Rxh1 Nf6 16. Qxg5 Ng8 17. e5 dxe5 18. dxe5 b4 19. Nb1 Qa5 20. f4 Nd7 21.
Qh4 f6 22. Qh7+ Kf8 23. Bc4 1-0

[Event "XXXI C.to Italiano seniores"]
[Site "Arvier ITA"]
[Date "2009.04.26"]
[Round "3"]
[White "Pettarini, Renato"]
[Black "Schiappacasse, Marcello"]
[Result "1/2-1/2"]
[WhiteElo "1738"]
[BlackElo "1920"]
[PlyCount "40"]
[EventDate "2009.04.24"]

1. c4 e5 2. Nc3 Nf6 3. Nf3 Nc6 4. a3 d5 5. cxd5 Nxd5 6. Qc2 Be7 7. e3 a6 8.
Nxd5 Qxd5 9. Bd3 Qe6 10. b4 Bd7 11. Bb2 Bf6 12. Be4 Rd8 13. O-O g6 14. d4 Qe7
15. Bxc6 Bxc6 16. Nxe5 Bxe5 17. dxe5 Qe6 18. Rad1 O-O 19. Rd2 Rxd2 20. Qxd2
Bxg2 1/2-1/2

[Event "XXXI C.to Italiano seniores"]
[Site "Arvier ITA"]
[Date "2009.04.26"]
[Round "3"]
[White "Piazza, Giacomo"]
[Black "Di Terlizzi, Domenico"]
[Result "0-1"]
[WhiteElo "1441"]
[BlackElo "1688"]
[PlyCount "136"]
[EventDate "2009.04.24"]

1. Nf3 Nf6 2. b3 d5 3. e3 Bg4 4. Be2 e6 5. Bb2 Be7 6. d3 c6 7. Nbd2 Nbd7 8. a3
Qc7 9. c4 O-O 10. Qc2 Rac8 11. h3 Bh5 12. e4 dxe4 13. Nxe4 Nxe4 14. dxe4 Bf6
15. e5 Bg6 16. Bd3 Bxd3 17. Qxd3 Nxe5 18. Qe2 Nxf3+ 19. gxf3 Qf4 20. Bc1 Qe5
21. Qxe5 Bxe5 22. Ra2 Rfd8 23. Ke2 Rd7 24. Rg1 g6 25. h4 h5 26. Be3 b6 27. a4
c5 28. a5 Rc6 29. axb6 axb6 30. Ra8+ Kg7 31. Bg5 Rcd6 32. Re8 Bf6 33. Rb8 Bxg5
34. Rxg5 Rd8 35. Rb7 R8d7 36. Rb8 Rd2+ 37. Kf1 R7d6 38. Re5 Kf6 39. Re1 R2d3
40. Re3 R3d4 41. Re4 Kf5 42. Rb7 f6 43. Rxd4 cxd4 44. b4 d3 45. Ke1 Kf4 46. c5
bxc5 47. bxc5 Rc6 48. Rb5 Kxf3 49. Kd2 Kxf2 50. Kxd3 Kg3 51. Kc4 Kxh4 52. Rb6
Rc8 53. Rxe6 Kg5 54. c6 h4 55. Kc5 h3 56. Kb6 Kf5 57. Re1 g5 58. Kb7 Rh8 59. c7
Rh7 60. Kb8 Rh8+ 61. Kb7 g4 62. Rh1 Kg5 63. Rd1 Rh7 64. Rd5+ f5 65. Kb8 Rxc7
66. Kxc7 h2 67. Rd1 g3 68. Kd6 g2 0-1

[Event "XXXI C.to Italiano seniores"]
[Site "Arvier ITA"]
[Date "2009.04.26"]
[Round "3"]
[White "Pipitone, Antonio"]
[Black "Fisauli, Francesco"]
[Result "1-0"]
[WhiteElo "2024"]
[BlackElo "1832"]
[PlyCount "25"]
[EventDate "2009.04.24"]

1. e4 c5 2. Nf3 Nc6 3. d4 cxd4 4. Nxd4 d6 5. Nc3 a6 6. Be2 e6 7. Be3 Nge7 8.
O-O g6 9. Qd2 Bg7 10. Rad1 d5 11. exd5 Nxd5 12. Nxd5 Qxd5 13. Bf3 1-0

[Event "XXXI C.to Italiano seniores"]
[Site "Arvier ITA"]
[Date "2009.04.26"]
[Round "3"]
[White "Rossi, Giampiero"]
[Black "D'Aulisa, Francesco"]
[Result "1/2-1/2"]
[WhiteElo "1915"]
[BlackElo "1755"]
[PlyCount "85"]
[EventDate "2009.04.24"]

1. d4 e6 2. c4 d6 3. Nc3 Nd7 4. Nf3 h6 5. g3 b6 6. Bg2 Bb7 7. O-O Ne7 8. e4 g5
9. Re1 Ng6 10. h3 e5 11. d5 Be7 12. Be3 Bc8 13. b4 a6 14. Rc1 Nf6 15. Qd3 Bd7
16. c5 bxc5 17. bxc5 Qc8 18. g4 Nf4 19. Bxf4 gxf4 20. c6 Bxg4 21. hxg4 Qxg4 22.
Nh2 Qg6 23. Qh3 Rg8 24. f3 Qh7 25. Ne2 Rg5 26. Ng4 h5 27. Nxf6+ Bxf6 28. Kh2
Qg7 29. Rb1 Bd8 30. Rg1 Rg6 31. Bh1 Kf8 32. Rxg6 fxg6 33. Qe6 g5 34. Qf5+ Bf6
35. Rb7 g4 36. fxg4 hxg4 37. Kg1 g3 38. Rxc7 Qxc7 39. Qxf6+ Kg8 40. Qg6+ Kh8
41. Qf6+ Kg8 42. Qg5+ Kh8 43. Qh6+ 1/2-1/2

[Event "XXXI C.to Italiano seniores"]
[Site "Arvier ITA"]
[Date "2009.04.26"]
[Round "3"]
[White "Rotelli, Pietro"]
[Black "Di Cio', Enrico"]
[Result "1/2-1/2"]
[WhiteElo "1970"]
[BlackElo "1765"]
[PlyCount "120"]
[EventDate "2009.04.24"]

1. d4 Nf6 2. c4 e6 3. Nf3 Be7 4. Nc3 d5 5. g3 a6 6. Bg2 O-O 7. cxd5 exd5 8. O-O
c6 9. Qc2 Re8 10. Bg5 h6 11. Bxf6 Bxf6 12. e3 Be6 13. a4 a5 14. Rfe1 Na6 15.
Na2 Be7 16. Ne5 Nb4 17. Nxb4 Bxb4 18. Rec1 Qc8 19. Nd3 Bf5 20. Qb3 Bxd3 21.
Qxd3 Qe6 22. Rc2 Rad8 23. Rd1 Qg6 24. Qxg6 fxg6 25. Re2 b5 26. Rc2 Rd6 27. Rdc1
Ree6 28. b3 bxa4 29. bxa4 Kf8 30. Bh3 Rf6 31. Bc8 Ke7 32. Bb7 Kd7 33. Ba6 Kc7
34. Bd3 Rfe6 35. h4 g5 36. Kg2 Kb6 37. Be2 Re7 38. Bf3 Rc7 39. e4 dxe4 40. Bxe4
Ba3 41. Rb1+ Bb4 42. Rc4 Rcd7 43. Rbc1 Rc7 44. d5 c5 45. Rd1 Rf7 46. f3 Kc7 47.
Rd3 Rdf6 48. Rc2 Kd6 49. f4 Rb7 50. Rb3 Rc7 51. Rc4 Re7 52. Rb1 Rd7 53. Rf1
Rdf7 54. Bf3 Re7 55. Re4 Rxe4 56. Bxe4 c4 57. Rc1 Kc5 58. Rd1 c3 59. d6 Rxd6
60. Rxd6 Kxd6 1/2-1/2

[Event "XXXI C.to Italiano seniores"]
[Site "Arvier ITA"]
[Date "2009.04.26"]
[Round "3"]
[White "Turturici, Pellegrino"]
[Black "Laco, Giuseppe"]
[Result "0-1"]
[WhiteElo "1977"]
[BlackElo "2133"]
[PlyCount "64"]
[EventDate "2009.04.24"]

1. e4 c5 2. Nf3 e6 3. d4 cxd4 4. Nxd4 a6 5. Nc3 Qc7 6. Bd3 b5 7. a3 Nc6 8. Nf3
Bc5 9. b4 Nxb4 10. Bd2 Nxd3+ 11. cxd3 Qa7 12. O-O Bb7 13. Ne2 d5 14. Ng3 Ne7
15. Bc3 d4 16. Bb2 Nc6 17. Nh5 Kf8 18. Qd2 h6 19. Qf4 Rd8 20. Nh4 Ne7 21. Rac1
Rh7 22. Qc7 Bb6 23. Qg3 Qb8 24. f4 Qd6 25. Qh3 Bc8 26. f5 e5 27. Rxc8 Nxc8 28.
Ng6+ Kg8 29. Qg3 f6 30. Bc1 Kf7 31. Nxe5+ fxe5 32. Qg6+ Qxg6 0-1

[Event "XXXI C.to Italiano seniores"]
[Site "Arvier ITA"]
[Date "2009.04.26"]
[Round "3"]
[White "Vaselli, Luciano"]
[Black "Antonelli, Fabrizio"]
[Result "1/2-1/2"]
[WhiteElo "1764"]
[BlackElo "2024"]
[PlyCount "100"]
[EventDate "2009.04.24"]

1. d4 d5 2. c4 e5 3. dxe5 d4 4. Nf3 Nc6 5. g3 Bf5 6. a3 a5 7. Bg5 Nge7 8. Nbd2
Qd7 9. Nb3 Rd8 10. Nc5 Qc8 11. Nd3 h6 12. Bxe7 Bxe7 13. Bg2 O-O 14. O-O Qe6 15.
Rc1 g5 16. Re1 Rfe8 17. Qb3 Bf8 18. h4 Bxd3 19. exd3 g4 20. Nh2 Nxe5 21. Re4
Qg6 22. Rce1 f6 23. Qxb7 Qg7 24. Qb3 h5 25. Qd1 Re7 26. f4 gxf3 27. Nxf3 Qxg3
28. Nxe5 Rxe5 29. Qf3 Qxf3 30. Bxf3 Rxe4 31. Rxe4 Rb8 32. Re2 Rb3 33. Bd5+ Kg7
34. Rg2+ Kh6 35. Be4 Bd6 36. Rg6+ Kh7 37. Rxf6+ Kg7 38. Rg6+ Kf8 39. Rg2 Ke7
40. Kf1 Kf6 41. Rf2+ Ke7 42. Re2 Kf6 43. Kg2 Rb8 44. Rf2+ Ke6 45. Rf5 Rxb2+ 46.
Kf3 Bxa3 47. Rxa5 Bd6 48. Rxh5 Rh2 49. Rh7 Rh3+ 50. Ke2 Rh2+ 1/2-1/2

[Event "XXXI C.to Italiano seniores"]
[Site "Arvier ITA"]
[Date "2009.04.27"]
[Round "4"]
[White "Acunzo, Domenico"]
[Black "Gardi, Giuseppe"]
[Result "0-1"]
[WhiteElo "1830"]
[BlackElo "2008"]
[PlyCount "68"]
[EventDate "2009.04.24"]

1. e4 g6 2. d4 Bg7 3. Nf3 d6 4. Nc3 c6 5. Be2 Nf6 6. O-O Qc7 7. h3 Nbd7 8. Be3
O-O 9. Qd2 e5 10. Rad1 Re8 11. Bc4 b5 12. Bd3 exd4 13. Nxd4 Nc5 14. f3 Nxd3 15.
cxd3 b4 16. Na4 c5 17. Ne2 Bd7 18. b3 Bxa4 19. bxa4 Qa5 20. Qc2 Nd5 21. Bf2 Nb6
22. Nf4 Qxa4 23. Qxa4 Nxa4 24. Nd5 Nc3 25. Nc7 Nxd1 26. Rxd1 a5 27. Bg3 Bf8 28.
Rc1 a4 29. Rc4 Rec8 30. Nxa8 Rxa8 31. Be1 Bg7 32. Kf1 b3 33. axb3 axb3 34. Rc1
b2 0-1

[Event "XXXI C.to Italiano seniores"]
[Site "Arvier ITA"]
[Date "2009.04.27"]
[Round "4"]
[White "Antonelli, Fabrizio"]
[Black "Fragni, Enrico"]
[Result "1-0"]
[WhiteElo "2024"]
[BlackElo "1751"]
[PlyCount "73"]
[EventDate "2009.04.24"]

1. e4 c6 2. d4 d6 3. f4 Qc7 4. Nf3 Bg4 5. Be2 Nd7 6. O-O Bxf3 7. Bxf3 e5 8. c3
Ngf6 9. Be3 Be7 10. Nd2 b5 11. Kh1 O-O 12. Qe2 Rfe8 13. f5 Bf8 14. g4 exd4 15.
cxd4 h6 16. Qg2 Nd5 17. Bg1 Nf4 18. Qg3 g5 19. fxg6 Nxg6 20. h4 Qd8 21. g5 hxg5
22. hxg5 Be7 23. Be3 Kg7 24. Kg2 Rh8 25. Rh1 Qc7 26. Bg4 Rxh1 27. Rxh1 Rh8 28.
Rxh8 Nxh8 29. Qh3 Bf8 30. Bxd7 Ng6 31. Bf5 Kg8 32. Bxg6 fxg6 33. Qe6+ Kh7 34.
Nf3 Qg7 35. e5 d5 36. Qf6 Kg8 37. Qxc6 1-0

[Event "XXXI C.to Italiano seniores"]
[Site "Arvier ITA"]
[Date "2009.04.27"]
[Round "4"]
[White "D'Aulisa, Francesco"]
[Black "Rotelli, Pietro"]
[Result "0-1"]
[WhiteElo "1755"]
[BlackElo "1970"]
[PlyCount "80"]
[EventDate "2009.04.24"]

1. e4 c6 2. Nf3 d5 3. exd5 cxd5 4. d4 Nc6 5. Bb5 Bd7 6. O-O e6 7. Re1 Be7 8. c4
Nf6 9. a3 dxc4 10. Bxc4 O-O 11. Nc3 Rc8 12. d5 exd5 13. Bxd5 Nxd5 14. Nxd5 Be6
15. Nxe7+ Qxe7 16. Bg5 f6 17. Bf4 Qf7 18. Rc1 Rcd8 19. Qe2 Bg4 20. Qe3 Rfe8 21.
Qc3 Bxf3 22. Qxf3 Nd4 23. Qc3 Ne2+ 24. Rxe2 Rxe2 25. Be3 Qd5 26. Kf1 Qb5 27.
Kg1 Rxb2 28. h3 a6 29. Qc7 Re8 30. Rd1 Rb1 31. Bc1 Qc6 32. Qf4 Rc8 33. Kh2 Rxc1
34. Rxc1 Qxc1 35. Qb4 Qc7+ 36. g3 b5 37. Qg4 Qc6 38. h4 Re8 39. Qf4 Re1 40.
Qb8+ Kf7 0-1

[Event "XXXI C.to Italiano seniores"]
[Site "Arvier ITA"]
[Date "2009.04.27"]
[Round "4"]
[White "Deiana, Giacomo"]
[Black "Brandi, Marcello"]
[Result "1-0"]
[WhiteElo "1724"]
[BlackElo "1381"]
[PlyCount "121"]
[EventDate "2009.04.24"]

1. Nf3 Nf6 2. g3 g6 3. Bg2 Bg7 4. O-O d5 5. d3 O-O 6. Nbd2 c6 7. e4 Bg4 8. h3
Bxf3 9. Qxf3 e6 10. Qe2 Re8 11. e5 Nfd7 12. d4 c5 13. c3 Qb6 14. Nf3 Nc6 15.
Be3 a6 16. Qd2 c4 17. Rab1 Qc7 18. Nh2 f5 19. exf6 Nxf6 20. Bf4 Qd7 21. Rfe1
Re7 22. Bg5 Rf7 23. Bxf6 Bxf6 24. Ng4 Bg7 25. f4 Raf8 26. b3 h5 27. Ne5 Nxe5
28. dxe5 Qc7 29. h4 Bh6 30. Qc2 Rg7 31. bxc4 dxc4 32. Rxb7 Qc5+ 33. Kh2 Rxb7
34. Bxb7 Kg7 35. Qe4 a5 36. Re2 Qc7 37. Qc6 Qxc6 38. Bxc6 Kf7 39. Re4 Rb8 40.
a4 Bf8 41. Bb5 Rd8 42. Rxc4 Rd2+ 43. Kh3 Rd1 44. Rc7+ Be7 45. Rd7 Rh1+ 46. Kg2
Rc1 47. Rd3 Rc2+ 48. Kf3 Rc1 49. Ke4 Re1+ 50. Kd4 Rc1 51. Bc6 Bd8 52. Kc4 Be7
53. Kb5 Rb1+ 54. Kxa5 Rb8 55. Ka6 Bf8 56. a5 Be7 57. Bb7 Bc5 58. Rd7+ Kg8 59.
Rc7 Bf2 60. Rc8+ Rxc8 61. Bxc8 1-0

[Event "XXXI C.to Italiano seniores"]
[Site "Arvier ITA"]
[Date "2009.04.27"]
[Round "4"]
[White "Di Cicco, Daniela"]
[Black "Jeanrenaud, Antonia"]
[Result "0-1"]
[WhiteElo "1589"]
[BlackElo "1455"]
[PlyCount "116"]
[EventDate "2009.04.24"]

1. d4 d5 2. Bf4 Nc6 3. c3 e6 4. Nf3 Bd6 5. Bxd6 Qxd6 6. e3 Nf6 7. Bd3 e5 8.
dxe5 Nxe5 9. Nxe5 Qxe5 10. h3 O-O 11. O-O b6 12. Qf3 Rb8 13. Re1 Bb7 14. Qf5
Qd6 15. Qf4 Qc6 16. Bf1 Qd7 17. Nd2 c5 18. Rac1 Rfe8 19. Nf3 Rbc8 20. Ne5 Qe6
21. Ng4 Nxg4 22. hxg4 g6 23. g5 Qe5 24. Bb5 Bc6 25. Bxc6 Rxc6 26. Qxe5 Rxe5 27.
f4 Re4 28. Kf2 Kg7 29. Re2 h6 30. gxh6+ Kxh6 31. Rh1+ Kg7 32. g4 Rce6 33. g5 f6
34. Rg1 d4 35. cxd4 cxd4 36. gxf6+ Kxf6 37. Rge1 dxe3+ 38. Rxe3 Rxf4+ 39. Kg3
Rxe3+ 40. Rxe3 Kf5 41. Re7 Rb4 42. b3 a5 43. Ra7 Rd4 44. Rf7+ Kg5 45. Rf3 b5
46. Rc3 Kh6 47. Kf3 a4 48. a3 g5 49. Ke3 Rh4 50. Rc6+ Kh5 51. bxa4 bxa4 52. Kd2
Rh3 53. Rc3 Rxc3 54. Kxc3 g4 55. Kd3 Kh4 56. Ke3 g3 57. Ke2 Kh3 58. Kf1 Kh2 0-1

[Event "XXXI C.to Italiano seniores"]
[Site "Arvier ITA"]
[Date "2009.04.27"]
[Round "4"]
[White "Di Cio', Enrico"]
[Black "Bellia, Mario"]
[Result "1-0"]
[WhiteElo "1765"]
[BlackElo "1377"]
[PlyCount "49"]
[EventDate "2009.04.24"]

1. e4 g6 2. d4 Bg7 3. f4 d6 4. Nf3 Nf6 5. Bd3 Bg4 6. h3 Bxf3 7. Qxf3 Nc6 8. c3
O-O 9. e5 dxe5 10. fxe5 Nd5 11. O-O a5 12. Bc4 Nb6 13. Bxf7+ Rxf7 14. Qxf7+ Kh8
15. Na3 Nd5 16. Bd2 Qd7 17. Qf3 Rf8 18. Qe2 Rxf1+ 19. Rxf1 Nd8 20. c4 Nb4 21.
d5 c5 22. e6 Bd4+ 23. Be3 Qc7 24. Bxd4+ cxd4 25. Qf2 1-0

[Event "XXXI C.to Italiano seniores"]
[Site "Arvier ITA"]
[Date "2009.04.27"]
[Round "4"]
[White "Di Terlizzi, Domenico"]
[Black "Priori, Luigi"]
[Result "0-1"]
[WhiteElo "1688"]
[BlackElo "1806"]
[PlyCount "120"]
[EventDate "2009.04.24"]

1. d4 d5 2. Nf3 Nf6 3. Bf4 e6 4. e3 c6 5. Nbd2 Nbd7 6. Bd3 b6 7. O-O a5 8. a4
Ba6 9. Qe2 Bxd3 10. Qxd3 g6 11. c4 Bg7 12. Bd6 Rc8 13. cxd5 cxd5 14. Rfc1 Ng8
15. Rc2 Rxc2 16. Qxc2 Ne7 17. Qc7 Qxc7 18. Bxc7 O-O 19. Bd6 Re8 20. Rc1 Rc8 21.
Rxc8+ Nxc8 22. b3 Nxd6 23. Nb1 f6 24. Nfd2 Kf7 25. Kf1 e5 26. dxe5 fxe5 27. Na3
Ke6 28. Ke2 Nb8 29. f3 Bf6 30. g4 Na6 31. Nc2 Nc5 32. h3 e4 33. f4 Bc3 34. Nd4+
Bxd4 35. exd4 Nd3 36. Ke3 h6 37. h4 Kf6 38. Nb1 Nf7 39. Nc3 Ke6 40. Nb1 Kd6 41.
Nd2 Nd8 42. Nb1 Nc6 43. Nc3 Nc1 44. Nb5+ Ke6 45. Nc7+ Kd6 46. Nb5+ Kd7 47. Nc3
Ne7 48. Nxe4 dxe4 49. Kxe4 Nxb3 50. d5 Nc5+ 51. Ke5 Nxa4 52. d6 Ng8 53. f5 gxf5
54. gxf5 Nc5 55. f6 Nxf6 56. Kxf6 a4 57. Kg6 a3 58. Kxh6 a2 59. Kg6 a1=Q 60. h5
Qh8 0-1

[Event "XXXI C.to Italiano seniores"]
[Site "Arvier ITA"]
[Date "2009.04.27"]
[Round "4"]
[White "Facchini, Roberto"]
[Black "Incelli, Renato"]
[Result "0-1"]
[WhiteElo "1600"]
[BlackElo "1487"]
[PlyCount "90"]
[EventDate "2009.04.24"]

1. e4 c6 2. d4 d5 3. e5 Bf5 4. h3 Nd7 5. Nf3 e6 6. Bd3 Ne7 7. Bg5 Qb6 8. b3
Bxd3 9. Qxd3 Ng6 10. Nbd2 c5 11. c3 cxd4 12. cxd4 Rc8 13. O-O Ba3 14. Rab1 O-O
15. Nh4 Nxh4 16. Bxh4 Qb4 17. Nf3 Rc3 18. Qd2 Rfc8 19. Bg5 Qb6 20. Ne1 Bc1 21.
Rxc1 Rxc1 22. Be7 R1c6 23. Nf3 Nf8 24. Qg5 h6 25. Qg4 Nh7 26. Nh4 Kh8 27. Qh5
Kg8 28. Qg4 Qc7 29. Bf6 Nxf6 30. exf6 g5 31. Nf3 Qf4 32. Qh5 Qxf6 33. h4 Qg6
34. Qg4 Qf5 35. Qh5 g4 36. Qxf5 exf5 37. Ne5 Rc2 38. Nd7 Kg7 39. Re1 Rc1 40.
Kf1 Rxe1+ 41. Kxe1 Rc2 42. g3 Rxa2 43. Nc5 Rb2 44. Nxb7 Rxb3 45. Nc5 Rb4 0-1

[Event "XXXI C.to Italiano seniores"]
[Site "Arvier ITA"]
[Date "2009.04.27"]
[Round "4"]
[White "Faraci, Antonino"]
[Black "Breidenbach, Heinz"]
[Result "1-0"]
[WhiteElo "2012"]
[BlackElo "1522"]
[PlyCount "53"]
[EventDate "2009.04.24"]

1. e4 d5 2. exd5 Qxd5 3. Nc3 Qa5 4. d4 Nf6 5. Nf3 c6 6. Bc4 Bg4 7. Bd2 Qc7 8.
h3 Bxf3 9. Qxf3 e6 10. a3 Bd6 11. O-O O-O 12. Rfe1 Nbd7 13. Bd3 Rfe8 14. g4 Nd5
15. Ne4 Bf4 16. Rad1 Bxd2 17. Rxd2 Nf4 18. Bf1 f5 19. Ng5 h6 20. Nxe6 Nxe6 21.
Bc4 Ndf8 22. gxf5 Qf7 23. Qd3 Kh8 24. fxe6 Nxe6 25. Rde2 Nf4 26. Bxf7 Nxd3 27.
Rxe8+ 1-0

[Event "XXXI C.to Italiano seniores"]
[Site "Arvier ITA"]
[Date "2009.04.27"]
[Round "4"]
[White "Fisauli, Francesco"]
[Black "Turturici, Pellegrino"]
[Result "1-0"]
[WhiteElo "1832"]
[BlackElo "1977"]
[PlyCount "87"]
[EventDate "2009.04.24"]

1. e4 c5 2. Nf3 Nc6 3. c3 d5 4. exd5 Qxd5 5. d3 h6 6. Be2 Nf6 7. Be3 e6 8. O-O
Be7 9. Na3 a6 10. Qc2 O-O 11. Nc4 Qd8 12. Rad1 b5 13. Ncd2 Qc7 14. d4 c4 15.
Ne4 Bb7 16. Nxf6+ Bxf6 17. Qd2 Rad8 18. Bf4 Qd7 19. Qe3 Ne7 20. Ne5 Qe8 21. Bf3
Nf5 22. Qe2 Bxf3 23. Qxf3 g5 24. Be3 Bg7 25. Rfe1 Rd5 26. Bc1 Qa8 27. Qg4 Bxe5
28. dxe5 Rfd8 29. Rxd5 Rxd5 30. f4 Qa7+ 31. Kf1 Qc7 32. fxg5 Rxe5 33. gxh6+ Kh7
34. Bf4 Rxe1+ 35. Kxe1 Qc5 36. Qf3 Qd5 37. Ke2 f6 38. Qxd5 exd5 39. g4 Nxh6 40.
Bxh6 Kxh6 41. h4 Kg6 42. Ke3 f5 43. gxf5+ Kxf5 44. Kd4 1-0

[Event "XXXI C.to Italiano seniores"]
[Site "Arvier ITA"]
[Date "2009.04.27"]
[Round "4"]
[White "Garvani, Vittorio"]
[Black "Vaselli, Luciano"]
[Result "1/2-1/2"]
[WhiteElo "1971"]
[BlackElo "1764"]
[PlyCount "25"]
[EventDate "2009.04.24"]

1. d4 d5 2. Nf3 c6 3. Bf4 Nf6 4. h3 g6 5. e3 Bg7 6. Bd3 O-O 7. Bh2 c5 8. c3 Nc6
9. O-O Nd7 10. Nbd2 e5 11. dxe5 Ndxe5 12. Nxe5 Nxe5 13. Bc2 1/2-1/2

[Event "XXXI C.to Italiano seniores"]
[Site "Arvier ITA"]
[Date "2009.04.27"]
[Round "4"]
[White "Giani, Franco"]
[Black "Oteri, Aldo"]
[Result "1-0"]
[WhiteElo "2004"]
[BlackElo "1832"]
[PlyCount "69"]
[EventDate "2009.04.24"]

1. e3 d5 2. c4 e6 3. d4 Nf6 4. a3 c6 5. Nc3 Nbd7 6. Nf3 Bd6 7. c5 Bc7 8. Bd3
O-O 9. O-O e5 10. dxe5 Nxe5 11. Nxe5 Bxe5 12. h3 Bxc3 13. bxc3 Qa5 14. Qc2 Qxc5
15. a4 Qe7 16. Bb2 b6 17. c4 dxc4 18. Qxc4 c5 19. Qh4 h6 20. Rad1 Bb7 21. e4
Qe6 22. e5 Nh7 23. f4 Qc6 24. Qg3 Qxa4 25. f5 Qb3 26. f6 g6 27. Bc1 c4 28. Qh4
h5 29. Bxc4 Qc2 30. Rd2 Qe4 31. Qxe4 Bxe4 32. e6 Bf5 33. exf7+ Kh8 34. Rd6 Rac8
35. Bh6 1-0

[Event "XXXI C.to Italiano seniores"]
[Site "Arvier ITA"]
[Date "2009.04.27"]
[Round "4"]
[White "Laco, Giuseppe"]
[Black "Barlocco, Carlo"]
[Result "0-1"]
[WhiteElo "2133"]
[BlackElo "2131"]
[PlyCount "102"]
[EventDate "2009.04.24"]

1. c4 Nc6 2. Nc3 e5 3. a3 g6 4. b4 Bg7 5. e4 Nge7 6. d3 d6 7. h4 h6 8. h5 g5 9.
g4 Nd4 10. f3 Ne6 11. Nge2 Nf4 12. Bxf4 exf4 13. d4 O-O 14. Bh3 Nc6 15. O-O Re8
16. Qd2 b6 17. Kf2 Bb7 18. Rad1 Qd7 19. Rg1 Nd8 20. d5 Ba6 21. b5 Bc8 22. Nd4
Bxd4+ 23. Qxd4 Qe7 24. a4 a5 25. Ne2 f6 26. Qd2 Nf7 27. Bf1 Ne5 28. Nd4 Bd7 29.
Be2 Qh7 30. Bd3 Re7 31. Rc1 Rae8 32. Bb1 Qf7 33. Nb3 Kg7 34. c5 dxc5 35. Nxc5
bxc5 36. Rxc5 f5 37. Qc3 fxg4 38. fxg4 Qf6 39. Rxc7 Nxg4+ 40. Ke2 Qxc3 41. Rxc3
Ne5 42. Bc2 g4 43. b6 g3 44. Rb1 Bg4+ 45. Kd2 g2 46. Rc7 g1=Q 47. Rxg1 Nf3+ 48.
Ke2 Nxg1+ 49. Kf1 Rxc7 50. bxc7 Nh3 51. d6 Ng5 0-1

[Event "XXXI C.to Italiano seniores"]
[Site "Arvier ITA"]
[Date "2009.04.27"]
[Round "4"]
[White "Lisandri, Luigi"]
[Black "De Zaiacomo, Tonino"]
[Result "0-1"]
[WhiteElo "1458"]
[BlackElo "1787"]
[PlyCount "27"]
[EventDate "2009.04.24"]

1. c4 Nf6 2. Nf3 d6 3. e3 e5 4. Be2 Be7 5. O-O O-O 6. Nc3 c6 7. d3 h6 8. b3 Be6
9. Bb2 Nbd7 10. Qc1 Rc8 11. Nd2 d5 12. Ba3 b5 13. Bxe7 Qxe7 14. Qa3 0-1

[Event "XXXI C.to Italiano seniores"]
[Site "Arvier ITA"]
[Date "2009.04.27"]
[Round "4"]
[White "Maestri, Roberto"]
[Black "Bogatto, Mario"]
[Result "1-0"]
[WhiteElo "1570"]
[BlackElo "1468"]
[PlyCount "39"]
[EventDate "2009.04.24"]

1. e4 c5 2. d4 cxd4 3. c3 dxc3 4. Nxc3 a6 5. a4 d6 6. Nf3 Nf6 7. Bc4 e6 8. O-O
Nbd7 9. Qe2 h6 10. Rd1 Be7 11. e5 dxe5 12. Nxe5 Qc7 13. Bf4 Nxe5 14. Bxe5 Qc6
15. Nb5 Kf8 16. Nc7 Ra7 17. Rac1 Qb6 18. Ba2 Nd7 19. Nxe6+ Qxe6 20. Rxc8+ 1-0